000 00617nam a2200229Ia 4500
003 OSt
005 20221007071952.0
006 a|||||r|||| 00| 0
007 ta
008 221006b |||||||| |||| 00| 0 eng d
024 _a21,759
037 _cTextual
040 _aFLL
_cFLL
_beng
041 _2eng
_aeng
082 _aZ1:218, K8
100 _aVlasic Ivan A. Au.
_9689761
245 0 _aExploration aerospace law
260 _aLondon
_bMcgill University Press England
_c1968
300 _axx,480p
_ccm.
942 _hZ1:218, K8
_cTEXL
_2CC
999 _c1144817
_d1144817